000 00399nam a2200157Ia 4500
003 LK-CoDNM
008 010623t1903 xxu||||| |||| 00| 1 eng d
040 _aLK-CoDNM
_dLK-CoDNM
_eLK-CoDNM
041 _aeng
080 _a24 W 16
100 _aHerbert,David.
245 _aThe Works of Tobias Smollett
260 _bW.P.Nimmo,Hay Mitchell
_aEdinburgh
_c1903
300 _b623p., 24 cm
942 _cBK
999 _c85621
_d85621